000 00254nam a2200109Ia 4500
008 191206s9999 xx 000 0 und d
020 _a085439298x
090 _aBR195.W6L24
245 0 _aMinisters of grace
260 _aSt Paul Pulicaion
260 _cc1989
999 _c16500
_d16500